ბათუმის შოთა რუსთაველის სახელმწიფო უნივერსიტეტის ბიბლიოთეკა

თხზულებათა სრული კრებული 10 ტომად. ტ. 4 : მოთხრობები, რომანები, ვარიანტები (ბიბ.ჩანაწერი № 49826)

000 -LEADER
fixed length control field 01096nam a2200229Ia 4500
001 - CONTROL NUMBER
control field 16761
003 - CONTROL NUMBER IDENTIFIER
control field GE_BSU
008 - FIXED-LENGTH DATA ELEMENTS--GENERAL INFORMATION
fixed length control field 181216s||||||||xx |||||||||||||| ||und||
040 ## - CATALOGING SOURCE
Transcribing agency GE_BSU
080 ## - UNIVERSAL DECIMAL CLASSIFICATION NUMBER
Universal Decimal Classification number 821.353.1 + 821.353.1-32 + 821.353.1-31
100 ## - MAIN ENTRY--PERSONAL NAME
Personal name ბარნოვი, ვასილ (1856-1934)
245 ## - TITLE STATEMENT
Title თხზულებათა სრული კრებული 10 ტომად. ტ. 4 : მოთხრობები, რომანები, ვარიანტები
245 ## - TITLE STATEMENT
Statement of responsibility, etc. სარედ. კოლ.: გიორგი ლეონიძე (რედ.) სოლომონ ყუბანეიშვილი, მიხეილ ჩიქოვანი
260 ## - PUBLICATION, DISTRIBUTION, ETC.
Place of publication, distribution, etc. თბილისი
260 ## - PUBLICATION, DISTRIBUTION, ETC.
Name of publisher, distributor, etc. საბჭ. მწერალი
260 ## - PUBLICATION, DISTRIBUTION, ETC.
Date of publication, distribution, etc. 1961
300 ## - PHYSICAL DESCRIPTION
Extent 411 გვ.21სმ.
653 ## - INDEX TERM--UNCONTROLLED
Uncontrolled term თხზულებათა სრული კრებული
653 ## - INDEX TERM--UNCONTROLLED
Uncontrolled term მოთხრობა
653 ## - INDEX TERM--UNCONTROLLED
Uncontrolled term მოთხრობები, რომანები, ვარიანტები
942 ## - ADDED ENTRY ELEMENTS (KOHA)
Koha item type წიგნი
ეგზემპლარები
Withdrawn status Lost status Damaged status Not for loan Date acquired Barcode Date last seen Price effective from Koha item type
        2018-12-17 22188 2018-12-17 2018-12-17 წიგნი